[Event "Titled Tuesday intern op 14th May Late"]
[Site "Chess.com INT"]
[Date "2024.05.14"]
[Round "6"]
[White "Buker, Muhittin"]
[Black "Melikhov, Evgeny V"]
[Result "1-0"]
[WhiteElo "1898"]
[BlackElo "2179"]
[PlyCount "97"]
[EventDate "2024.05.14"]
[EventType "swiss (blitz)"]
[EventRounds "11"]
[EventCountry "USA"]
[SourceTitle "CB21_2024"]
[SourceDate "2024.05.22"]
[SourceVersion "1"]
[SourceVersionDate "2024.05.22"]
[SourceQuality "1"]

1. d4 Nf6 2. c4 e6 3. Nc3 Bb4 4. e3 b6 5. Nf3 Bb7 6. Bd3 Bxc3+ 7. bxc3 Be4 8. 0-0 0-0 9. Be2 d5 10. Nd2 Bg6 11. Ba3 Re8 12. c5 bxc5 13. Bxc5 Nbd7 14. Ba3 c5 15. Nf3 c4 16. Ne5 Nxe5 17. dxe5 Ne4 18. Qc1 Qc7 19. f3 Nc5 20. f4 Bd3 21. Bxc5 Bxe2 22. Bd6 Qc6 23. Rf2 Bd3 24. Rb2 Red8 25. a4 Rd7 26. a5 Rb7 27. Raa2 Rd8 28. Rxb7 Qxb7 29. Rb2 Qa6 30. Qa1 h6 31. h3 Rd7 32. Rb8+ Kh7 33. Qa4 Rb7 34. Rf8 Qb5 35. Qxb5 Rxb5 36. Bb4 Rb7 37. g4 g5 38. Kf2 gxf4 39. a6 fxe3+ 40. Kxe3 Rc7 41. Kd4 Kg6 42. Rg8+ Kh7 43. Rb8 Rc6 44. Rb7 Rxa6 45. Rxf7+ Kg6 46. Rf6+ Kg5 47. Bf8 h5 48. Be7 Ra2 49. Rf2+ 1-0

[Event "Titled Tuesday intern op 14th May Late"]
[Site "Chess.com INT"]
[Date "2024.05.14"]
[Round "10"]
[White "Deveci, Huseyin Said"]
[Black "Melikhov, Evgeny V"]
[Result "0-1"]
[WhiteElo "2258"]
[BlackElo "2179"]
[PlyCount "37"]
[EventDate "2024.05.14"]
[EventType "swiss (blitz)"]
[EventRounds "11"]
[EventCountry "USA"]
[SourceTitle "CB21_2024"]
[SourceDate "2024.05.22"]
[SourceVersion "1"]
[SourceVersionDate "2024.05.22"]
[SourceQuality "1"]

1. e4 c5 2. Nf3 d6 3. d4 cxd4 4. Nxd4 Nf6 5. Nc3 a6 6. h3 e6 7. g4 b5 8. a3 Bb7 9. Bg2 Qc7 10. Be3 Nc6 11. Qd2 Ne5 12. Ndxb5 axb5 13. Nxb5 Qa5 14. 0-0 Qxb5 15. b3 Bxe4 16. f4 Nc6 17. c4 Qxb3 18. g5 Bxg2 19. Kh2 0-1

[Event "Titled Tuesday intern op 14th May Late"]
[Site "Chess.com INT"]
[Date "2024.05.14"]
[Round "5"]
[White "Diaz Velandia, Jose Manuel"]
[Black "Melikhov, Evgeny V"]
[Result "1-0"]
[WhiteElo "2326"]
[BlackElo "2179"]
[PlyCount "69"]
[EventDate "2024.05.14"]
[EventType "swiss (blitz)"]
[EventRounds "11"]
[EventCountry "USA"]
[SourceTitle "CB21_2024"]
[SourceDate "2024.05.22"]
[SourceVersion "1"]
[SourceVersionDate "2024.05.22"]
[SourceQuality "1"]

1. d4 Nf6 2. Nf3 d5 3. e3 c5 4. c3 e6 5. Nbd2 Nc6 6. Bd3 Bd6 7. 0-0 0-0 8. dxc5 Bxc5 9. e4 dxe4 10. Nxe4 Nxe4 11. Bxe4 Qxd1 12. Rxd1 Rd8 13. Bf4 Rxd1+ 14. Rxd1 Kf8 15. Bxh7 g6 16. Bh6+ Ke8 17. h4 Bd7 18. g4 Rd8 19. h5 gxh5 20. gxh5 Ke7 21. Be4 Rh8 22. Bg5+ f6 23. Bxf6+ Kxf6 24. Rxd7 Rxh5 25. Rxb7 Ne5 26. b4 Bb6 27. a4 Ng4 28. Nd4 e5 29. a5 Bxa5 30. bxa5 exd4 31. Rxa7 dxc3 32. a6 Ra5 33. Ra8 Ke5 34. Bc2 Ra2 35. a7 1-0

[Event "Titled Tuesday intern op 14th May Late"]
[Site "Chess.com INT"]
[Date "2024.05.14"]
[Round "9"]
[White "Melikhov, Evgeny V"]
[Black "Antunes, Luciano Justi"]
[Result "1-0"]
[WhiteElo "2179"]
[BlackElo "2045"]
[PlyCount "109"]
[EventDate "2024.05.14"]
[EventType "swiss (blitz)"]
[EventRounds "11"]
[EventCountry "USA"]
[SourceTitle "CB21_2024"]
[SourceDate "2024.05.22"]
[SourceVersion "1"]
[SourceVersionDate "2024.05.22"]
[SourceQuality "1"]

1. d4 Nf6 2. c4 e6 3. Nc3 Bb4 4. Qc2 c5 5. dxc5 Na6 6. a3 Bxc3+ 7. Qxc3 Nxc5 8. f3 0-0 9. b4 Na4 10. Qc2 b5 11. e4 d5 12. cxd5 exd5 13. e5 Nh5 14. Bxb5 Qh4+ 15. Qf2 Ng3 16. Bxa4 Qc4 17. Bb2 Nxh1 18. Qe2 Qh4+ 19. g3 Nxg3 20. Qf2 Nf5 21. Qxh4 Nxh4 22. Bc6 Rb8 23. Bxd5 Ng2+ 24. Kf2 Nf4 25. Be4 Be6 26. Rd1 Rfd8 27. Rd6 Rxd6 28. exd6 Rd8 29. Be5 Ng6 30. Bxg6 hxg6 31. Bg3 f6 32. Ne2 Bc4 33. Nd4 Kf7 34. Nc6 Rd7 35. Ke3 Bb5 36. Nd4 Ba4 37. Ke4 f5+ 38. Kd5 Rd8 39. Nc6 Rd7 40. Ne5+ Ke8 41. Nxd7 Kxd7 42. Be5 Bc6+ 43. Kc5 Bxf3 44. Bxg7 g5 45. Bh6 g4 46. Bf4 Be4 47. b5 Bf3 48. a4 Be4 49. a5 Bf3 50. Kd4 Be4 51. Kc4 Bf3 52. Kd3 Bd5 53. Kd4 Bf3 54. Ke5 Be4 55. a6 1-0

[Event "Titled Tuesday intern op 14th May Late"]
[Site "Chess.com INT"]
[Date "2024.05.14"]
[Round "3"]
[White "Toktomushev, Teimur"]
[Black "Melikhov, Evgeny V"]
[Result "1-0"]
[WhiteElo "2295"]
[BlackElo "2179"]
[PlyCount "37"]
[EventDate "2024.05.14"]
[EventType "swiss (blitz)"]
[EventRounds "11"]
[EventCountry "USA"]
[SourceTitle "CB21_2024"]
[SourceDate "2024.05.22"]
[SourceVersion "1"]
[SourceVersionDate "2024.05.22"]
[SourceQuality "1"]

1. d4 Nf6 2. c4 e6 3. Nf3 d5 4. Nc3 Bb4 5. Qa4+ Nc6 6. e3 0-0 7. Qc2 Re8 8. Bd2 e5 9. dxe5 Nxe5 10. cxd5 Nxd5 11. Nxd5 Qxd5 12. Bxb4 Nxf3+ 13. gxf3 Qxf3 14. Rg1 Bf5 15. Be2 Rxe3 16. fxe3 Qxe3 17. Qc5 Qe4 18. Bc3 Bg6 19. Qd4 1-0

[Event "Titled Tuesday intern op 23rd Apr Late"]
[Site "Chess.com INT"]
[Date "2024.04.23"]
[Round "3"]
[White "Melikhov, Evgeny V"]
[Black "Bronstein, Or"]
[Result "0-1"]
[WhiteElo "2172"]
[BlackElo "2458"]
[PlyCount "102"]
[EventDate "2024.04.23"]
[EventType "swiss (blitz)"]
[EventRounds "11"]
[EventCountry "USA"]
[SourceTitle "CB18_2024"]
[SourceDate "2024.05.01"]
[SourceVersion "1"]
[SourceVersionDate "2024.05.01"]
[SourceQuality "2"]

1. d4 Nf6 2. c4 e6 3. Nc3 d5 4. cxd5 exd5 5. Bg5 Bb4 6. e3 h6 7. Bxf6 Qxf6 8. Qa4+ Nc6 9. Rc1 0-0 10. Nf3 Rd8 11. Be2 Bf8 12. 0-0 a6 13. Qb3 Qd6 14. Na4 Ne7 15. Nc5 Ra7 16. Nd3 Bf5 17. Qb4 Qxb4 18. Nxb4 Nc8 19. Nd3 c6 20. a4 a5 21. Nc5 Nb6 22. b3 f6 23. Rc3 g5 24. Rfc1 Nc8 25. Bd3 Nd6 26. Bxf5 Nxf5 27. Ne1 Kf7 28. Ned3 h5 29. Rb1 b6 30. Ne6 Kxe6 31. Rxc6+ Rd6 32. Rc8 Be7 33. Rh8 h4 34. Rc1 Kd7 35. Rcc8 Rc6 36. Rxc6 Kxc6 37. g4 Nd6 38. f3 Rc7 39. Kf2 Kd7 40. Ke1 Rc2 41. Rb8 Kc7 42. Ra8 Rxh2 43. Ra7+ Kd8 44. e4 dxe4 45. fxe4 Nxe4 46. d5 Bb4+ 47. Nxb4 axb4 48. a5 bxa5 49. Rxa5 Rb2 50. Rb5 Rxb3 51. Ke2 Nc3+ 0-1

[Event "Titled Tuesday intern op 16th Apr Early"]
[Site "Chess.com INT"]
[Date "2024.04.16"]
[Round "8"]
[White "Al Tarbosh, Ward"]
[Black "Melikhov, Evgeny V"]
[Result "1/2-1/2"]
[WhiteElo "2262"]
[BlackElo "2172"]
[PlyCount "162"]
[EventDate "2024.04.16"]
[EventType "swiss (blitz)"]
[EventRounds "11"]
[EventCountry "USA"]
[SourceTitle "CB17_2024"]
[SourceDate "2024.04.24"]
[SourceVersion "1"]
[SourceVersionDate "2024.04.24"]
[SourceQuality "1"]

1. e4 e5 2. Nf3 Nc6 3. Bb5 a6 4. Ba4 Nf6 5. 0-0 Nxe4 6. d4 b5 7. Bb3 d5 8. dxe5 Be6 9. Nbd2 Bc5 10. Nxe4 dxe4 11. Ng5 Qxd1 12. Rxd1 Nxe5 13. Bxe6 fxe6 14. Nxe6 Bb6 15. Bf4 Kf7 16. Ng5+ Kg6 17. Nxe4 Rhe8 18. Rd5 Nc4 19. Ng3 Nxb2 20. Rd7 Rad8 21. Rxd8 Rxd8 22. h4 Rd1+ 23. Rxd1 Nxd1 24. h5+ Kf6 25. Kf1 Nxf2 26. Ke2 Ng4 27. Bd2 g6 28. Ne4+ Kf5 29. Ng3+ Ke5 30. Kf3 Nf6 31. hxg6 hxg6 32. Bc3+ Ke6 33. Ne2 Nd5 34. Bd2 Ke5 35. g4 c5 36. Be1 c4 37. Bg3+ Ke6 38. Ke4 Nf6+ 39. Kf3 Nd5 40. Ke4 Nb4 41. Nf4+ Kf7 42. Nd5 Nxd5 43. Kxd5 Kf6 44. Bf4 Bf2 45. Kc6 Ke6 46. Kb7 Kd5 47. Kxa6 Kc6 48. Bd2 Bb6 49. Ba5 Bc5 50. Be1 Bb6 51. Bg3 Bd8 52. Bf2 Bc7 53. Bd4 Bd8 54. Ka7 Bc7 55. Bc3 Bb6+ 56. Kb8 Bc5 57. Kc8 b4 58. Bd2 Kb5 59. Kd7 Ka4 60. Bc1 b3 61. axb3+ cxb3 62. cxb3+ Kxb3 63. Ke6 Kc4 64. Kf6 Kd5 65. Kxg6 Ke6 66. Kh7 Be7 67. Bb2 Kf7 68. Bc3 Bd8 69. Bd4 Be7 70. Bg7 Bd8 71. Be5 Be7 72. Bf4 Bd8 73. Kh6 Be7 74. Bg5 Bxg5+ 75. Kxg5 Kg7 76. Kf5 Kf7 77. Kg5 Kg7 78. Kf5 Kf7 79. Kf4 Kg6 80. g5 Kg7 81. g6 Kxg6 1/2-1/2